00414nam a2200145Ia 450000100060000000800410000602000180004704000130006508200160007810000170009424500850011126000540019630000110025054600070026119174140407s9999 xx 000 0 und d a0-521-42906-4 cPK-LaUMT a 291bSMA-W aNinian Smart 4aThe world's religions:bOld traditions and modern transformations.cNinian Smart aCambridge,USA:bCambridge University Press,c1997 a576 p. aEN